Представление документа в формате RUSMARC

ПолеНазваниеЗначение
  Тип записи a
  Библиографический уровень a
001 Контрольный номер RU/REG73/CBS_GRAD/d933f090edd8414999415ca4c194d7d7
005 Дата корректировки 20260416113123.0
100 Данные общей обработки __
a Данные общей обработки 20260416a2026####|||y0rusy0189 ca
101 Язык документа 0_
a Язык текста rus
102 Страна публикации __
a Страна публикации RU
200 Заглавие и сведения об ответственности 1_
a Заглавие Подвиг -это движение к небесной цели
f Первые сведения об ответственности Сергий Николаев (протоиерей)
e Сведения, относящиеся к заглавию слово пастыря
461 Уровень набора _0
1 2000
a Славянка
463 Уровень физической единицы _0
1 2000
a № 2 (март-апрель)
v С.4-9
1 2101
d 2026
1 001RU/REG73/CBS_GRAD/9e764e594b2a4070ab5a84619468598e
606 Тематические рубрики 0_
a Основная рубрика Православие
610 Ключевые слова 0_
a Ключевые слова духовная жизнь; посты; покаяние
686 Индексы других классификаций __
a Классификационный индекс 86.37
2 Код системы rubbk
700 Автор _1
a Фамилия Николаев
b Имя (инициалы) С.
g Полное личное имя Сергий (протоиерей)
801 Источник записи _0
a Страна RU
b Организация RuCBSGrad
c Дата составления 20260416
g Правила каталогизации RCR
801 Источник записи _1
a Страна RU
b Организация RuCBSGrad
c Дата составления 20260416
g Правила каталогизации RCR
852 Данные о местонахождении __
a Наименование организации МБУК "ЦБС г. Димитровграда"
901 Тип документа __
t Тип документа b
w Контрольный № источника RU/REG73/CBS_GRAD/9e764e594b2a4070ab5a84619468598e
909 Создатель записи __
a Создатель записи Тенигина
b Дата создания записи 20260416